000 00887nam a2200289 a 4500
001 000043568
003 DO-SdBNP
005 20171107093934.0
007 000043568
008 140326s2014 sp 000 j spa d
020 _a8478446567
040 _aBPMSU
_bspa
_cBPMSU
082 _aRD863.44
_bV443h
100 1 _aVeloz Maggiolo, Marcio,
_d1936-
245 1 3 _aEl hombre del acordeón /
_cMarcio Veloz Maggiolo.
260 _aMadrid :
_bEdiciones Siruela,
_c2003.
300 _a146 p. ;
_c23 cm.
490 1 _aLibros del tiempo
500 _aIncluye datos biográficos del autor en la contracubierta
650 4 _aCUENTOS DOMINICANOS
650 4 _aLITERATURA DOMINICANA
830 0 _aLibros del tiempo
910 _aValidado. Control de calidad MFF
942 _2ddc
_cBK
945 _aTítulo remanejado para BNPHU / 2017 VM
956 _aVMATEO
_b10
_c20150908
_lBPMSU
_h0069
999 _c7362
_d7362